Statystyki dla Najdrożsi piłkarze PL!

Kliknij tutaj aby rozwiązać quiz!

Ogólne statystyki

  • Ten quiz został rozwiązany 256 razy
  • Średni wynik to 26 z 57

Statystyki odpowiedzi

Wartość rynkowaNarodowośćZawodnik% Poprawnych
110,00 mln €EgiptSalah
96%
120,00 mln €AngliaKane
94%
100,00 mln €SenegalMane
91%
85,00 mln €Korea PołudniowaSon
91%
100,00 mln €BelgiaDe Bruyne
85%
100,00 mln €AngliaSterling
70%
70,00 mln €HolandiaVan Dijk
70%
70,00 mln €SzkocjaRobertson
69%
90,00 mln €PortugaliaFernandes
68%
70,00 mln €AngliaFoden
66%
70,00 mln €PortugaliaSilva
60%
65,00 mln €BrazyliaAlisson
58%
55,00 mln €FrancjaKante
58%
56,00 mln €BrazyliaEderson
57%
85,00 mln €AngliaRashford
57%
100,00 mln €AngliaAlexander Arnold
55%
70,00 mln €NiemcyHavertz
55%
50,00 mln €USAPulisic
55%
40,00 mln €AngliaMaguire
54%
42,00 mln €AlgeriaMahrez
53%
50,00 mln €PortugaliaCancelo
52%
70,00 mln €PortugaliaDias
52%
65,00 mln €NiemcyWerner
51%
55,00 mln €BrazyliaFirmino
49%
60,00 mln €AngliaMount
48%
60,00 mln €FrancjaPogba
48%
60,00 mln €AngliaGrealish
47%
60,00 mln €AngliaSaka
47%
40,00 mln €NorwegiaOdegaard
46%
70,00 mln €HiszpaniaRodri
44%
40,00 mln €MarokoZiyech
44%
60,00 mln €BrazyliaJesus
42%
45,00 mln €WłochyJorginho
42%
40,00 mln €CzechySoucek
40%
45,00 mln €ChorwacjaKovacic
39%
50,00 mln €FrancjaLaporte
39%
50,00 mln €NigeriaNdidi
39%
40,00 mln €NiemcyGundogan
38%
60,00 mln €AngliaRice
38%
60,00 mln €BrazyliaFabinho
35%
45,00 mln €WKSZaha
35%
40,00 mln €AngliaJames
33%
40,00 mln €PortugaliaJota
31%
45,00 mln €GhanaPartey
31%
60,00 mln €BrazyliaRicharlison
29%
40,00 mln €AngliaWan-Bissaka
29%
50,00 mln €FrancjaMartial
27%
40,00 mln €TurcjaSoyuncu
25%
50,00 mln €PortugaliaNeves
24%
50,00 mln €AngliaChilwell
22%
55,00 mln €BelgiaTielemans
22%
50,00 mln €AngliaGreenwood
21%
60,00 mln €AngliaMaddison
21%
50,00 mln €HiszpaniaTorres
16%
50,00 mln €FrancjaNdombele
14%
45,00 mln €AngliaCalvert Lewin
12%
40,00 mln €AngliaAbraham
11%

Rozkład punktacji

Percentyl według liczby udzielonych odpowiedzi

Procent ludzi z każdym wynikiem

Twoja historia wyników

Nie rozwiązałeś tego quizu